| 000 | 00462nam a22001697a 4500 | ||
|---|---|---|---|
| 003 | OSt | ||
| 005 | 20140310182533.0 | ||
| 008 | 130813t xxu||||| |||| 00| 0 eng d | ||
| 020 | _a9781416061502 | ||
| 050 |
_aR 615.1 _b.D139 2010 |
||
| 100 |
_aDale, M M _99791 |
||
| 245 |
_aRang & Dale's pharmacology flash cards / _cM M Dale |
||
| 260 |
_aChina : _bChurchill Livingstone, _cc2010. |
||
| 300 |
_bcol. ill. ; _c9 cm. |
||
| 942 |
_2lcc _cSSLC |
||
| 999 |
_c14160 _d14160 |
||